BIOMETRICAL METHODS IN QUANTITATIVE GENETIC ANALYSIS (Record no. 290866)

MARC details
000 -LEADER
fixed length control field 00439pam a2200157a 44500
008 - FIXED-LENGTH DATA ELEMENTS--GENERAL INFORMATION
fixed length control field 230405s2014 xxu||||| |||| 00| 0 eng d
041 ## - LANGUAGE CODE
Language code of text/sound track or separate title ENG
100 ## - MAIN ENTRY--PERSONAL NAME
Personal name SINGH R K
245 ## - TITLE STATEMENT
Title BIOMETRICAL METHODS IN QUANTITATIVE GENETIC ANALYSIS
250 ## - EDITION STATEMENT
Edition statement RP Ed.
260 ## - PUBLICATION, DISTRIBUTION, ETC.
Place of publication, distribution, etc. LUDHIANA
Name of publisher, distributor, etc. Kalyani Publishers
Date of publication, distribution, etc. 2014
300 ## - PHYSICAL DESCRIPTION
Extent 314p.
440 ## - SERIES STATEMENT/ADDED ENTRY--TITLE
Title BHARATI GRAHAK BHANDAR PUNE. B-4271, DT-15/12/2017
700 ## - ADDED ENTRY--PERSONAL NAME
Personal name CHAUDHARY B D
906 ## - LOCAL DATA ELEMENT F, LDF (RLIN)
a 1988
Holdings
Withdrawn status Lost status Damaged status Not for loan Collection Home library Current library Shelving location Date acquired Total Checkouts Barcode Date last seen Date last checked out Price effective from Koha item type
          Loknete Mohanrao Kadam College of Agriculture, Kadegaon, Sangli Loknete Mohanrao Kadam College of Agriculture, Kadegaon, Sangli   28/07/2018 1 AGK-5159 01/01/2026 11/12/2025 17/04/2023 Book
          Loknete Mohanrao Kadam College of Agriculture, Kadegaon, Sangli Loknete Mohanrao Kadam College of Agriculture, Kadegaon, Sangli   28/07/2018 1 AGK-5158 07/05/2026 23/04/2026 17/04/2023 Book
          Loknete Mohanrao Kadam College of Agriculture, Kadegaon, Sangli Loknete Mohanrao Kadam College of Agriculture, Kadegaon, Sangli   28/07/2018 1 AGK-5157 03/01/2026 11/12/2025 17/04/2023 Book